| 000 | 00363nam a22001457a 4500 | ||
|---|---|---|---|
| 003 | macl | ||
| 005 | 20190828154341.0 | ||
| 008 | 190828b xxu||||| |||| 00| 0 eng d | ||
| 040 | _cmacl | ||
| 100 |
_aTagore, R. _976426 |
||
| 245 | _aTagore's Golden Stories Collection | ||
| 260 |
_aJaipur _bSakshar Bharat _c2018 |
||
| 650 |
_astories _976427 |
||
| 942 |
_2ddc _cBK |
||
| 999 |
_c60860 _d60860 |
||